000 01615nam0a22003131 4500
001 rc\3904278
005 20250611015104.0
021 _aRU
_b[56-48531]
035 _a(NLR Aleph) 008015676
090 _a8728576
_c8728576
100 _a20130415d1956 |||y0rusy50 ca
101 0 _arus
102 _aRU
105 _aa z |||||
200 1 _aОпыт эксплуатации автоматических линий розлива пива
_e(По материалам всесоюз. межзаводской школы передового опыта работы на автоматич. линиях розлива пива)
_fМ-во пром-сти продовольств. товаров СССР. Техн. упр. Ин-т усовершенствования знаний ИТР - членов НТО пищевой пром-сти
210 _aМосква
_cПищепромиздат
_d1956
215 _a64 с., 3 л. черт.
_cил.
_d20
225 1 _aОбмен передовым техническим опытом
_i[Опыт новаторов производства]
300 _aПеред загл. авт.: П.В. Беседин, Д.И. Агапов, Г.К. Булгаков
300 _aНа обл. 1-й авт.: Д.И. Агапов
606 _aПиво
_xРозлив
_xАвтоматизация
_2psbo
700 1 _aБеседин
_bП.В.
701 1 _aАгапов
_bД.И.
701 1 _aБулгаков
_bГ.К.
_gГеоргий Клавдиевич
801 0 _aRU
_bNLR
_gpsbo
801 1 _aRU
_bELAR
_2rusmarc
852 _aNLR
_jТ66 Г-4/1573
942 _cBOOK
980 _aNB